MARC details
| 000 -LEADER |
| campo de control de longitud fija |
02961nam a2200409 i 4500 |
| 001 - NÚMERO DE CONTROL |
| campo de control |
195660 |
| 003 - IDENTIFICADOR DE NÚMERO DE CONTROL |
| campo de control |
SpMaBN |
| 005 - FECHA Y HORA DE LA ÚLTIMA TRANSACCIÓN |
| campo de control |
20260227182923.0 |
| 008 - DATOS DE LONGITUD FIJA--INFORMACIÓN GENERAL |
| campo de control de longitud fija |
191001s2018 sp a | ||||o000 m spa |
| 017 ## - NÚMERO DE COPYRIGHT O DE DEPÓSITO LEGAL |
| Número de copyright o de depósito legal |
CC 402-2018 |
| Agencia que asigna |
Oficina Depósito Legal Cáceres |
| 035 ## - NÚMERO DE CONTROL DEL SISTEMA |
| Número de control de sistema |
(OCoLC)1105147634 |
| 035 ## - NÚMERO DE CONTROL DEL SISTEMA |
| Número de control de sistema |
a6581239 |
| 040 ## - FUENTE DE CATALOGACIÓN |
| Centro catalogador/agencia de origen |
SpMaBN |
| Lengua de catalogación |
spa |
| Centro/agencia transcriptor |
SpMaBN |
| Normas de descripción |
rda |
| Centro/agencia modificador |
Es-MaACL |
| 080 ## - NÚMERO DE LA CLASIFICACIÓN DECIMAL UNIVERSAL |
| Número de la Clasificación Decimal Universal |
908(460.251 Aldeacentenera) |
| 080 ## - NÚMERO DE LA CLASIFICACIÓN DECIMAL UNIVERSAL |
| Número de la Clasificación Decimal Universal |
087.5:82 |
| 100 1# - ENTRADA PRINCIPAL--NOMBRE DE PERSONA |
| Nombre de persona |
Ramos Rubio, José Antonio, |
| Fechas asociadas al nombre |
1963- |
| Término indicativo de función/relación |
Autor |
| 9 (RLIN) |
174430 |
| 245 10 - MENCIÓN DEL TÍTULO |
| Título |
Aldeacentenera : |
| Resto del título |
tras las huellas del jinete / |
| Mención de responsabilidad, etc. |
José Antonio Ramos Rubio, cronista oficial de Trujillo. |
| 264 #1 - PRODUCCIÓN, PUBLICACIÓN, DISTRIBUCIÓN, FABRICACIÓN Y COPYRIGHT |
| Producción, publicación, distribución, fabricación y copyright |
Cáceres : |
| Nombre del de productor, editor, distribuidor, fabricante |
Diputación de Cáceres, |
| Fecha de producción, publicación, distribución, fabricación o copyright |
diciembre de 2018 |
| 300 ## - DESCRIPCIÓN FÍSICA |
| Extensión |
218 páginas : |
| Otras características físicas |
fotografías (blanco y negro y color) ; |
| Dimensiones |
23 cm |
| 336 ## - TIPO DE CONTENIDO |
| Término de tipo de contenido |
Texto |
| Fuente |
rdacontent |
| 337 ## - TIPO DE MEDIO |
| Nombre/término del tipo de medio |
sin mediación |
| Fuente |
rdamedia |
| 338 ## - TIPO DE SOPORTE |
| Nombre/término del tipo de soporte |
volumen |
| Fuente |
rdacarrier |
| 500 ## - NOTA GENERAL |
| Nota general |
Incluye (páginas 187-200): El enigma del jinete Vettón / Florentino Escribano Ruiz |
| 504 ## - NOTA DE BIBLIOGRAFÍA, ETC. |
| Nota de bibliografía, etc. |
Bibliografía: páginas 201-218 |
| 520 ## - RESUMEN, ETC. |
| Sumario, etc. |
El pueblo de Aldeacentenera se encuentra situado en las estribaciones de la Sierra de las Villuercas. Está en una hondonada entre dos cerros que la dominan: uno, llamado Cerro del Bote y de las Viñas, y otro denominado Caramanchón y Tomillar. Por el norte, el terreno es un poco más llano y se divisan los más hermosos panoramas: el puerto de Miravete, la Sierra de las Villuercas y las alturas de la Sierra de Gredos, cuyas cumbres están nevadas durante el invierno. El río Almonte atraviesa el término municipal, de saliente a poniente, a unos 6 km del casco, sirviendo de límite a dicho término con los de Berzocana y Deleitosa. El Almonte tiene como afluentes, por la izquierda, los riachuelos de Garciaz y Arroyo Mojón entre los menos importantes. Estamos ante un trabajo de investigación que se vertebra en los siguientes apartados: el medio natural, las obras artísticas, los restos arqueológicos y la historia más inmediata, las tradiciones populares, con un nutridísimo cúmulo de datos, notas a pie de página, fechas, relatos minuciosos y otros detalles, que evitan cualquier duda o reticencia sobre el desarrollo del contenido expuesto, tras constatar los seguros pasos que el autor va dando en el proceso histórico. |
| 651 #0 - PUNTO DE ACCESO ADICIONAL DE MATERIA--NOMBRE GEOGRÁFICO |
| Nombre geográfico |
Aldeacentenera- |
| Subdivisión general |
Descripción |
| 9 (RLIN) |
237310 |
| 655 #0 - TERMINO DE INDIZACIÓN--GENERO/FORMA |
| Datos o término principal de género/forma |
Cuentos infantiles |
| Fuente del término |
tgfbne |
| 9 (RLIN) |
234793 |
| 700 #2 - ENTRADA AGREGADA--NOMBRE PERSONAL |
| Nombre de persona |
Escribano Ruiz, Florentino |
| 9 (RLIN) |
240286 |
| 740 32 - ENTRADA AGREGADA--TÍTULO RELACIONADO/ANALÍTICO NO CONTROLADO |
| Título relacionado o analítico no controlado |
El enigma del jinete vettón |
| 852 ## - LOCALIZACIÓN |
| Ubicación |
ES-MaACL |
| Sublocalización o colección |
R.152987 |
| Ubicación en estantería |
Depósito J |
| Número de control de estantería |
N-8680 |
| Donativo/Legado |
Donación: José Antonio Ramos Rubio |
| Encuadernación |
Encuadernación rústica con solapas |
| itemnumber |
204196 |
| 903 ## - NOMBRE PERSONAL DE DONANTE |
| a |
Ramos Rubio, José Antonio, |
| d |
1963- |
| e |
Donante |
| 9 |
174430 |
| 942 ## - ELEMENTOS DE ENTRADA SECUNDARIOS (KOHA) |
| Tipo de ítem Koha |
Libro impreso |
| Suprimir en OPAC |
No |